FAMIGLIA OGGI, ANNO 22-N.O4 (APRILE 1999) (Record n. 146623)

Dettagli MARC
000 -LEADER
fixed length control field 01064nas a2200265Ia 4500
001 - CONTROL NUMBER
control field R138/F8764
003 - CONTROL NUMBER IDENTIFIER
control field IT-RoPAU
008 - FIXED-LENGTH DATA ELEMENTS--GENERAL INFORMATION
fixed length control field 151124c99999999xx |||||||||||| ||und||
040 ## - CATALOGING SOURCE
Original cataloging agency IT-RoPAU
040 ## - CATALOGING SOURCE
Transcribing agency IT-RoPAU
041 ## - LANGUAGE CODE
Language code of text/sound track or separate title ITALIANO
100 ## - MAIN ENTRY--PERSONAL NAME
Personal name AA.VV.
Miscellaneous information Codice Aut. SPICS: 12000
210 ## - ABBREVIATED TITLE
Abbreviated title FAMIGLIA OGGI
222 ## - KEY TITLE
Key title Famiglia Oggi
245 ## - TITLE STATEMENT
Title FAMIGLIA OGGI, ANNO 22-N.O4 (APRILE 1999)
Remainder of title Famiglia Oggi, Anno 22-N.O4 (Aprile 1999)
250 ## - EDITION STATEMENT
Edition statement 1a ed.
260 ## - PUBLICATION, DISTRIBUTION, ETC. (IMPRINT)
Place of publication, distribution, etc. ALBA (CN)
Name of publisher, distributor, etc. PERIODICI SAN PAOLO
Date of publication, distribution, etc. 1999
300 ## - PHYSICAL DESCRIPTION
Extent 100 p.
310 ## - CURRENT PUBLICATION FREQUENCY
Current publication frequency MENSILE
362 ## - DATES OF PUBLICATION AND/OR SEQUENTIAL DESIGNATION
Dates of publication and/or sequential designation ANNO 022, N.O4 (APRILE 1999)
501 ## - WITH NOTE
-- Paulus - SPICS - Società San Paolo EM (non-commercial uses only)
-- Copyright2015
500 ## - GENERAL NOTE
General note Numero Speciale Sul Figlio Adolescente: anche i Genitori Crescono con Lui.Contributi di Autori Vari: Coppia con Figli Adolescenti: Effetti su Maritoe Moglie di Secondo Giacobbi, Peso dei Pregiudizi nel Rapporto tra Genitori e Figli di Domenico Barrilà, Im
650 ## - SUBJECT ADDED ENTRY--TOPICAL TERM
Topical term or geographic name as entry element COMUNICAZIONE - FAMIGLIA
Form subdivision PUBBLICAZIONE PERIODICA
942 ## - ADDED ENTRY ELEMENTS (KOHA)
Koha item type RIVISTA
Dati di copia
Withdrawn status Lost status Damaged status Not for loan Home library Current library Date acquired Total Checkouts Full call number Date last seen Price effective from Koha item type Public note
    Buone Condizioni Not For Loan SPICS-MEDIATECA SPICS-MEDIATECA 25/11/2015   R138/F8764 25/11/2015 25/11/2015 RIVISTA Progr. Ins: 58325 / Copia rara: NO / date import: 25.11.2015 / By Epidotti, Trombetti, Vaglietti
CREDITS: SOCIETA' SAN PAOLO Via A.Severo, 58 - ROMA (RM) & PERIODICI SAN PAOLO SRL Via Giotto, 36 MILANO & CISF Via Giotto, 36 MILANO & EDIZIONI SAN PAOLO SRL,  Piazza Soncino, 5 CINISELLO BALSAMO (MI) -- ITALY